• 首页
  • 本馆介绍
  • 公告通知
  • 最新文献
  • 馆藏检索
  • 电子资源
  • 读者导购
  • 参考咨询
  • 我的图书馆
  • 登录
  • 详细信息显示
  • 放入我的书架
  • 预约/预借图书
  • 作者相关作品
  • 分类相关作品
  • 丛书相关作品
  • 出版社相关作品

书目信息

  • 表格格式
  • 工作单格式
  • 卡片格式
题名:
陶渊明的映像
    
 
作者: 吴国富 著
分册:  
出版信息: 南昌   江西人民出版社  2016
页数: 289页
开本: 21cm
丛书名: 庐山文化研究丛书
单 册:
中图分类: K825.6=372
科图分类:
主题词:
电子资源:
ISBN: 978-7-210-08506-5
000 00964nam0 22002651 450
001 0119171312
005 20170619171312.0
010    @a978-7-210-08506-5@dCNY38.00
100    @a20170209d2016 em y0chiy50 ea
101 0  @achi
102    @aCN@b360000
105    @ay z 000yd
106    @ar
200 1  @a陶渊明的映像@9tao yuan ming de ying xiang@f吴国富著
210    @a南昌@c江西人民出版社@d2016
215    @a289页@d21cm
225 2  @a庐山文化研究丛书@9lu shan wen hua yan jiu cong shu
300    @a江西省2011协同创新中心“庐山文化传承与传播协同创新中心”项目成果
330    @a本书包括误遭解构的渊明形象、无法颠覆的平淡自然、由“柴桑彭泽”衍生的文化符号、“始家宜丰”隐含的传说故事、桃花源的种种映像等内容。
461  0 @12001 @a庐山文化研究丛书
600  0 @a陶渊明@9tao yuan ming@f(365-427)@x人物研究
690    @aK825.6=372@v5
701  0 @a吴国富@9wu guo fu@f(1966~)@4著
801  0 @aCN@b百万庄@c20170617
905    @b1012473-8@dK825.6=372@e966@f6
    
    陶渊明的映像/吴国富著 .-南昌:江西人民出版社,2016
    289页;21cm.-(庐山文化研究丛书)
    江西省2011协同创新中心“庐山文化传承与传播协同创新中心”项目成果
    
    ISBN 978-7-210-08506-5:CNY38.00
    本书包括误遭解构的渊明形象、无法颠覆的平淡自然、由“柴桑彭泽”衍生的文化符号、“始家宜丰”隐含的传说故事、桃花源的种种映像等内容。
●
相关链接 在E读中查询图书 在五车中查询图书 在当当中查询图书 在豆瓣中查询图书


正题名:陶渊明的映像     索取号:K825.6=372/966         预约/预借

序号 登录号 条形码 馆藏地/架位号 状态 备注
1 1012473   210124738   第二样本阅览室/ [索取号:K825.6=372/966] 在馆    
2 1012474   210124747   教育系资料室/ [索取号:K825.6=372/966] 在馆    
3 1012475   210124756   教育系资料室/ [索取号:K825.6=372/966] 在馆    
4 1012476   210124765   教育系资料室/ [索取号:K825.6=372/966] 在馆    
5 1012477   210124774   第二借阅区/ [索取号:K825.6=372/966] 在馆    
6 1012478   210124783   第二借阅区/ [索取号:K825.6=372/966] 在馆    
唐山师范学院图书馆 欢迎您!
大连网信软件有限公司© 版权所有